000 01022nam a2200265Ia 4500
003 OSt
005 20221005104948.0
006 a|||||r|||| 00| 0
007 ta
008 221004b |||||||| |||| 00| 0 hin d
020 _a8185999430 (hbk)
_c700
024 _a88750
037 _b465, 25/03/2008, Swaraj Prakashan
_cTextual
040 _aCRL
_cCRL
_bhin
041 _2hin
_ahin
082 _aO152,1N2:g, P2
100 _aप्रधान, गोपाल
245 0 _aछायावादयुगीन साहित्यिक वादविवाद
_b 1910 से 1940 तक
246 _aChhāyāvādayugīn sāhityik vādavivāda: 1910 se 1940 taka
260 _aदिल्ली
_bस्वराज प्रकाशन भारत
_c2002
300 _a229पृ0
_ccm.
650 _aहिन्दी साहित्य
942 _hO152,1N2:g, P2
_cTEXL
_2cc
999 _c1014316
_d1014316